| 000 | 00529nam a2200157 a 4500 | ||
|---|---|---|---|
| 008 | 120416s1976 ||||||||||||||||| || u | ||
| 020 | _a0070842167 | ||
| 050 | _aQC 23 Bol | ||
| 100 | _aBolton, W | ||
| 245 | 1 | 0 | _aPhysical science for technicians: a first level unit |
| 260 |
_aLondon: _bMcGraw-Hill _c1976 |
||
| 300 | _a(8), 136p. : ill | ||
| 350 | _a0.00 | ||
| 650 | 0 | _aPHYSICS | |
| 995 |
_D0.00 _FCBU-MAIN LIBRARY (Kitwe) _H1 _I2.25 _M1 _UDAMAGED _ZMain Library Open Access Collection |
||
| 999 |
_c53581 _d53581 |
||